Name the country by it's outline.... Quiz Stats

 Plays Quiz not verified by Sporcle

Score 0/15 Timer 04:00
0 Plays Today
% Correct
United Kingdom
97.8%
Italy
95.6%
India
94.1%
Chile
92.6%
Iceland
91.2%
China
90.4%
Turkey
88.2%
France
87.5%
% Correct
Cyprus
85.3%
Croatia
76.5%
Saudi Arabia
68.4%
Nepal
58.8%
Kyrgyzstan
57.4%
Tunisia
46.3%
Qatar
33.1%

You're not logged in!

Compare scores with friends on all Sporcle quizzes.
OR
Log In

Sporcle TV

Today on Sporcle TV


Watch our educational content, quiz creation guides, and fun videos on Sporcle TV.

Show Comments

Extras

Created Aug 11, 2016ReportNominate
Tags:Country Quiz, outline

Top Quizzes Today


Score Distribution

Your Account Isn't Verified!

In order to create a playlist on Sporcle, you need to verify the email address you used during registration. Go to your Sporcle Settings to finish the process.

Report this User

Report this user for behavior that violates our Community Guidelines.

Details: